[Event "Manizales op 26th"]
[Site "Manizales"]
[Date "2017.01.06"]
[Round "4"]
[White "Lopez Marin, Andres"]
[Black "Ossa, Vladimir"]
[Result "0-1"]
[WhiteElo "1600"]
[BlackElo "1968"]
[PlyCount "68"]
[EventDate "2017.01.04"]
[EventType "swiss"]
[EventRounds "9"]
[EventCountry "COL"]
[SourceTitle "CBM 176 Extra"]
[Source "ChessBase"]
[SourceDate "2017.03.02"]
[SourceVersion "1"]
[SourceVersionDate "2017.03.02"]
[SourceQuality "1"]

1. e4 e5 2. Nf3 d6 3. d4 Nd7 4. Bc4 c6 5. Nc3 Be7 6. Be3 Ngf6 7. h3 b5 8. Bd3 0-0 9. Qd2 Bb7 10. Ne2 exd4 11. Nexd4 Nc5 12. e5 dxe5 13. Nxe5 Qd5 14. Nef3 Nce4 15. Qe2 Bb4+ 16. Kf1 Rfe8 17. c4 bxc4 18. Bxc4 Qd7 19. g3 Nh5 20. Kg2 c5 21. Bb5 Qc7 22. Bxe8 cxd4 23. Rhc1 Qd6 24. Qb5 Nc5 25. Bg5 Qd5 26. Qe2 Qxg5 27. Bxf7+ Kxf7 28. Kh2 Qd5 29. Ne5+ Kg8 30. Qc4 Rf8 31. f4 Ne6 32. Qxd5 Bxd5 33. Rd1 g5 34. Nd3 Bd6 0-1

[Event "Manizales op 26th"]
[Site "Manizales"]
[Date "2017.01.05"]
[Round "3"]
[White "Aivazyan, Vahram"]
[Black "Lopez Marin, Andres"]
[Result "1-0"]
[WhiteElo "2065"]
[BlackElo "1600"]
[PlyCount "67"]
[EventDate "2017.01.04"]
[EventType "swiss"]
[EventRounds "9"]
[EventCountry "COL"]
[SourceTitle "CBM 176 Extra"]
[Source "ChessBase"]
[SourceDate "2017.03.02"]
[SourceVersion "1"]
[SourceVersionDate "2017.03.02"]
[SourceQuality "1"]

1. d4 Nf6 2. c4 d5 3. cxd5 Nxd5 4. e4 Nb6 5. Nc3 e6 6. Nf3 Be7 7. Bf4 a6 8. Be2 N8d7 9. Rc1 Nf6 10. 0-0 c6 11. h3 0-0 12. Qb3 Nbd7 13. Rfd1 Qb6 14. Qc2 Re8 15. a3 Nf8 16. Na4 Qd8 17. Nc5 b6 18. Na4 Bb7 19. Bd3 Rc8 20. Qe2 Ng6 21. Bh2 b5 22. Nc5 Qb6 23. b4 Rcd8 24. Bb1 Ra8 25. Ne5 Bc8 26. Ba2 Bf8 27. g4 Rd8 28. g5 Nd7 29. Nxf7 Kxf7 30. Nxe6 Ke8 31. Nc7+ Ke7 32. Nxa8 Qb7 33. Qf3 Nh8 34. Qf5 1-0